Multiple Choice City Quiz - Stoke on Trent - Statistics

General Stats
  • This quiz has been taken 55 times
  • The average score is 7 of 10
Answer Stats
Question Answer % Correct
Stoke-on-Trent is traditionally the centre of which industry? Pottery
93%
Which theme park is located just 10 miles east of Stoke-on-Trent? Alton Towers
87%
Stoke City is one of two professional football teams in the area, which is the other one? Port Vale
85%
Robbie Williams is one of Stoke's most famous musical artists, which band was he a member of? Take That
83%
Which of these is a Staffordshire Oatcake, a local staple breakfast food?
74%
What doesn't Stoke-on-Trent have that most other UK cities do? Cathedral
74%
Reginald Mitchell was born in the area in 1895, which famous airplane did he design? Supermarine Spitfire
74%
British billionaire and highest paid CEO in the UK, Denise Coates, runs her business from it's headquarters in Stoke, what type of business is it? Online Gambling
72%
Stoke-on-Trent is actually a federation of how many towns? 6
54%
Stoke-on-Trent has two junctions on the M6 motorway linked by the A500 dual carriageway, what is the A500 colloquially known as? The D road
43%
No matching quizzes found
Score Distribution
Percent of People with Each Score
Percentile by Number Answered
Your Score History
You have not taken this quiz